Teilhard de Chardin / (Record no. 1487)
[ view plain ]
| 000 -CABECERA | |
|---|---|
| campo de control de longitud fija | 00760cam a2200229 a 4500 |
| 001 - NÚMERO DE CONTROL | |
| campo de control | 000001592 |
| 005 - FECHA Y HORA DE LA ÚLTIMA TRANSACCIÓN | |
| campo de control | 20200929145629.0 |
| 008 - DATOS DE LONGITUD FIJA--INFORMACIÓN GENERAL | |
| campo de control de longitud fija | 840830s1968 sp 000 0 spa |
| 040 ## - FUENTE DE LA CATALOGACIÓN | |
| Centro catalogador/agencia de origen | DO-SdBNP |
| Lengua de catalogación | spa |
| Centro/agencia transcriptor | BNPHU |
| 082 ## - NÚMERO DE LA CLASIFICACIÓN DECIMAL DEWEY | |
| Número de clasificación | 922.244 |
| Número de documento/Ítem | W673t, 1968 |
| 100 1# - ENTRADA PRINCIPAL--NOMBRE DE PERSONA | |
| Nombre de persona | Wildiers, N. M., |
| Fechas asociadas al nombre | 1881 - 1955 |
| 9 (RLIN) | 5221 |
| 240 10 - TÍTULO UNIFORME | |
| Título uniforme | Teilhard de Chardin. |
| Lenguaje de la obra | Español |
| 245 10 - MENCIÓN DE TÍTULO | |
| Título | Teilhard de Chardin / |
| Mención de responsabilidad, etc. | N. M. Wildiers; traducción Juan Bris. |
| 250 ## - MENCIÓN DE EDICIÓN | |
| Mención de edición | 4a ed. |
| 260 ## - PUBLICACIÓN, DISTRIBUCIÓN, ETC. | |
| Lugar de publicación, distribución, etc. | Barcelona : |
| Nombre del editor, distribuidor, etc. | Fontanella, |
| Fecha de publicación, distribución, etc. | 1968. |
| 300 ## - DESCRIPCIÓN FÍSICA | |
| Extensión | 187 p. ; |
| Dimensiones | 17 cm. |
| 490 1# - MENCIÓN DE SERIE | |
| Mención de serie | Testigos del Siglo XX |
| Designación de volumen o secuencia | 4 |
| 534 ## - NOTA SOBRE LA VERSIÓN ORIGINAL | |
| Encabezamiento principal del original | Título original: |
| Mención de título del original | Teilhard de Chardin. |
| 600 14 - PUNTO DE ACCESO ADICIONAL DE MATERIA--NOMBRE DE PERSONA | |
| Nombre de persona | TEILHARD DE CHARDIN, PIERRE |
| Fechas asociadas al nombre | 1881 - 1955 |
| 9 (RLIN) | 5222 |
| 700 1# - PUNTO DE ACCESO ADICIONAL--NOMBRE DE PERSONA | |
| Nombre de persona | Bris, Juan, |
| Término indicativo de función/relación | tr. |
| 9 (RLIN) | 5223 |
| 830 #0 - PUNTO DE ACCESO ADICIONAL DE SERIE-TÍTULO UNIFORME | |
| Título uniforme | Testigos del Siglo XX ; |
| Designación de volumen o secuencia | 4 |
| 9 (RLIN) | 5224 |
| Estado de retiro | Estado de pérdida | Restricciones de uso | No para préstamo | Código de colección | Localización permanente | Ubicación/localización actual | Ubicación en estantería | Fecha de adquisición | Número de inventario | Total de préstamos | Signatura topográfica completa | Código de barras | Fecha visto por última vez | Precio válido a partir de | Tipo de ítem Koha |
|---|---|---|---|---|---|---|---|---|---|---|---|---|---|---|---|
| Préstamo interno | Monografías: Libros y Folletos | General | General | En catalogación | 18.08.2009 | LF1 | 922.244 W673t, 1968 | 1592-10 | 25.06.2020 | 25.06.2020 | Préstamo interno |
